00490nam a2200169Ia 450000500170000000800410001702000150005808200130007310000170008624500160010326000400011930000130015965000280017294200060020095200990020699900150030520250319044537.0240331s9999 xx 000 0 und d a8126024720 bNANa894 aNandakumar,P 0aBharathiyar aNew DelhibSaakithiya Acadamyc2008 a131 p ., aBharathiyar Kavithaikal cL 001040708LaWERCLbWERCLcSSCd2024-03-31l0o 894.811 NANp6240r2024-03-31w2024-03-31yL c4650d4650